000 00734nam a2200289Ia 4500
005 20260324130945.0
008 008 260324s9999 xx 000 0 eng d
020 _a9781315663661
037 _aEBOOK
040 _aCRL
040 _beng
040 _cCRL
041 _2eng
041 _aeng
084 _qCRL
100 _aRobert M. Carmack; Gary H. Gossen; Janine L. Gasco
_91183683
245 4 _aThe Legacy of Mesoamerica
245 0 _bHistory and Culture of a Native American Civilization
260 _bTaylor and Francis
260 _c2007
365 _a
365 _b300
856 _uhttp://www.taylorfrancis.com/books/9781315663661
942 _cEBOOK
999 _c1780415
_d1780415